00330pab a2200121 454500008004000000100002200040245006900062260000900131300001500140362000800155650001100163773003400174180718b2006 xxu||||| |||| 00| 0 eng d aFenelon, James V. aIndian gaming: traditional perspectives and cultural sovereignty c2006 ap.381-409. aNov aTribes aAmerican Behavioral Scientist